व्यवसाय मार्गदर्शक (क.क्र.8/3 ) (Record no. 439074)

MARC details
000 -LEADER
fixed length control field 00573nam a2200145Ia 4500
008 - FIXED-LENGTH DATA ELEMENTS--GENERAL INFORMATION
fixed length control field 100122s9999 xx 000 0 und d
082 ## - DEWEY DECIMAL CLASSIFICATION NUMBER
Item number 66601
Classification number 371.425
100 ## - MAIN ENTRY--PERSONAL NAME
Personal name घोष जयंती
245 ## - TITLE STATEMENT
Title व्यवसाय मार्गदर्शक (क.क्र.8/3 )
260 ## - PUBLICATION, DISTRIBUTION, ETC. (IMPRINT)
Name of publisher, distributor, etc मेहता पब्लिकेशन हाऊस
Date of publication, distribution, etc 2002
300 ## - PHYSICAL DESCRIPTION
Extent 507
630 ## - SUBJECT ADDED ENTRY--UNIFORM TITLE
Uniform title व्यवसाय मार्गदर्शक (क.क्र.8/3 )
730 ## - ADDED ENTRY--UNIFORM TITLE
Uniform title व्यवसाय मार्गदर्शक (क.क्र.8/3 )
942 ## - ADDED ENTRY ELEMENTS (KOHA)
Koha item type Book
Holdings
Withdrawn status Lost status Damaged status Not for loan Home library Current library Date acquired Cost, normal purchase price Total Checkouts Full call number Barcode Date last seen Cost, replacement price Price effective from Koha item type Public note
        S.V. Pathak Library, Vile Parle S.V. Pathak Library, Vile Parle 02/12/2005 190.00   66601 SVPPARLE-66601 01/25/2010 190.00 01/25/2010 Book General NA